01507nam a2200289 a 450000100100000000500170001000800410002702000150006804000250008308200200010810000270012824500830015526000450023830000280028350000730031150400320038459000280041665000490044465000310049391000420052495201320056695201320069895201320083095201170096295201230107999900150120200000854120240412074207.0090917s2003 dr a r 000 0 spa d z9993423411 aDO-SdBNPbspacBNPHU aRD862.42bM917c1 aMota, Carlos R.92289910aCorrientes renovadoras en el teatro dominicano del siglo XX /cCarlos R. Mota. aSanto Domingo :bAmigo del Hogar,c2003. a209 p. :bil. ;c23 cm. aIncluye referencias bibliográficas y notas al pie de las páginas aBibliografía : p. 198-207 aInventariado, 2019 / DG 4aTeatro dominicanoxHistoriaySIGLO XX922900 0aLiteratura dominicana.967 aValidado. Control de calidad. MMOLINA 001054708DSaGRbGRcHDd2009-09-17iLF1l0oRD862.42 M917cp8541-30r2020-06-25te. 3w2020-06-25yLFDSZPréstamo en sala 001054708DSaGRbGRcHDd2013-05-01iLF1l0oRD862.42 M917cp8541-40r2020-06-25te. 4w2020-06-25yLFDSZPréstamo en sala 001054708DSaGRbGRcHDd2013-10-21iLF1l0oRD862.42 M917cp8541-50r2020-06-25te. 5w2020-06-25yLFDSZPréstamo en sala 0010718PDaPDbPDcHDd2009-09-17iLF1l0oRD862.42 M917cp8541-10r2020-06-25w2020-06-25yLFPDZNo se presta 0010718PDaPDbPDcHDd2009-09-17iLF1l0oRD862.42 M917cp8541-20r2020-06-25te. 2w2020-06-25yLFPDZNo se presta c8311d8311